| 000 | 01261nam a2200229Ia 4500 | ||
|---|---|---|---|
| 003 | OSt | ||
| 005 | 20260606102104.0 | ||
| 008 | 210210b2000 xxu||||| |||| 00| 0 eng d | ||
| 020 | _a81 7302 439 1 | ||
| 040 | _cAL | ||
| 041 | _aKannada | ||
| 082 | _a635K SHIM | ||
| 100 |
_aSHIVARAMA RAI (P). _dಪಿ. ಶಿವರಾಮ ರೈ _9265412 |
||
| 245 |
_aManeya anda kaithota _bಮನೆಯ ಅಂದ ಕೈತೋಟ |
||
| 260 |
_aBengaluru. _bNavakarnataka Prakashana., _c2000 |
||
| 300 | _a94 | ||
| 520 | _aಈ ಕೃತಿಯು ಮನೆಯ ಸುತ್ತಮುತ್ತ ಸುಂದರವಾದ ಕೈತೋಟ (Kitchen Garden / Home Garden) ಹಾಗೂ ಹಣ್ಣು-ಹಂಪಲುಗಳ ಸಣ್ಣ ತೋಟಗಳನ್ನು ಹೇಗೆ ನಿರ್ಮಿಸಬೇಕು ಮತ್ತು ಅವುಗಳನ್ನು ಹೇಗೆ ಸುಸ್ಥಿತಿಯಲ್ಲಿ ನಿರ್ವಹಿಸಬೇಕು ಎಂಬುದರ ಕುರಿತು ಪ್ರಾಯೋಗಿಕ ಮಾಹಿತಿ ನೀಡುತ್ತದೆ. | ||
| 650 |
_aಕೃಷಿ, ತೋಟಗಾರಿಕೆ ಮತ್ತು ಗೃಹ ವಿಜ್ಞಾನ (Orchard Crops / Horticulture). _9265413 |
||
| 690 |
_aOrchard Crops _9265414 |
||
| 906 | _a057397 | ||
| 942 |
_2ddc _cBK |
||
| 999 |
_c104956 _d104956 |
||